Pleromatica : Introduction (extraits) (notice n° 1669537)

détails MARC
000 -LEADER
fixed length control field 02038cam a2200253 4500500
005 - DATE AND TIME OF LATEST TRANSACTION
control field 20260222005126.0
041 ## - LANGUAGE CODE
Language code of text/sound track or separate title fre
042 ## - AUTHENTICATION CODE
Authentication code dc
100 10 - MAIN ENTRY--PERSONAL NAME
Personal name Catren, Gabriel
Relator term author
245 00 - TITLE STATEMENT
Title Pleromatica : Introduction (extraits)
260 ## - PUBLICATION, DISTRIBUTION, ETC.
Date of publication, distribution, etc. 2026.<br/>
500 ## - GENERAL NOTE
General note 85
520 ## - SUMMARY, ETC.
Summary, etc. Ce texte comprend de larges extraits de l’Introduction de Pleromatica ou la Transe d’Elseneur de Gabriel Catren, paru en 2023 dans la maison d’édition britannique Urbanomic. Pleromatica est une œuvre importante de la philosophie contemporaine, qui entend réinventer la philosophie transcendantale en la mariant à l’immanentisme spinoziste (dont la substance ainsi “subjectivée” est renommée “flux phénouménodélique”). L’auteur montre que le transcendantal kantien n’est qu’un type parmi d’autres, corrélé à un “Umwelt” (une “nature-culture”), et qu’il est donc possible de multiplier ces types, d’ouvrir le transcendantal à ce que l’on pourrait appeler un perspectivisme vitaliste et à une subjectivité “transumweltique” (humaine et autre-qu’humaine), susceptible d’alliances interspécifiques. En libérant le spinozisme de la rigidité de son concept de substance et le kantisme de son idéalisme égotique, Gabriel Catren entreprend de construire une “philosophie du sujet fini comprise comme une ondulation respirante de l’(in)substance vivante”, ce qui est aussi une manière de prendre la mesure des crises qui ont secoué les temps modernes et de l’effondrement des sols sur lesquels notre culture était construite.
690 ## - LOCAL SUBJECT ADDED ENTRY--TOPICAL TERM (OCLC, RLIN)
Topical term or geographic name as entry element Baruch Spinoza
690 ## - LOCAL SUBJECT ADDED ENTRY--TOPICAL TERM (OCLC, RLIN)
Topical term or geographic name as entry element Crise
690 ## - LOCAL SUBJECT ADDED ENTRY--TOPICAL TERM (OCLC, RLIN)
Topical term or geographic name as entry element Emmanuel Kant
690 ## - LOCAL SUBJECT ADDED ENTRY--TOPICAL TERM (OCLC, RLIN)
Topical term or geographic name as entry element Modernité
690 ## - LOCAL SUBJECT ADDED ENTRY--TOPICAL TERM (OCLC, RLIN)
Topical term or geographic name as entry element Propositions
700 10 - ADDED ENTRY--PERSONAL NAME
Personal name François, Nathan
Relator term author
700 10 - ADDED ENTRY--PERSONAL NAME
Personal name Gallet, Bastien
Relator term author
700 10 - ADDED ENTRY--PERSONAL NAME
Personal name Morelle, Louise
Relator term author
786 0# - DATA SOURCE ENTRY
Note Les Temps qui restent | 6 | 2 | 2026-02-02 | p. 271-290 | 3038-0464
856 41 - ELECTRONIC LOCATION AND ACCESS
Uniform Resource Identifier <a href="https://shs.cairn.info/revue-les-temps-qui-restent-2025-2-page-271?lang=fr&redirect-ssocas=7080">https://shs.cairn.info/revue-les-temps-qui-restent-2025-2-page-271?lang=fr&redirect-ssocas=7080</a>

Pas d'exemplaire disponible.

PLUDOC

PLUDOC est la plateforme unique et centralisée de gestion des bibliothèques physiques et numériques de Guinée administré par le CEDUST. Elle est la plus grande base de données de ressources documentaires pour les Étudiants, Enseignants chercheurs et Chercheurs de Guinée.

Adresse

627 919 101/664 919 101

25 boulevard du commerce
Kaloum, Conakry, Guinée

Réseaux sociaux

Powered by Netsen Group @ 2025